|
|
|
|
| LEADER |
00933cam a2200253 7i4500 |
| 001 |
0000065447 |
| 005 |
20220110090000.0 |
| 020 |
|
|
|a 9783030279578 (electronic book)
|
| 090 |
0 |
0 |
|a HM846
|b .R43 2020
|
| 245 |
0 |
0 |
|a Redesigning organizations :
|b concepts for the connected society
|c Denise Feldner, editor.
|
| 264 |
|
|
|a Cham, Switzerland:
|b Springer,
|c 2020.
|
| 300 |
|
|
|a 1 online resource (xxxix, 384 pages):
|b illustrations, text file, PDF.
|
| 336 |
|
|
|a text
|2 rdacontent
|
| 337 |
|
|
|a computer
|2 rdamedia
|
| 338 |
|
|
|a online resource
|2 rdacarrier
|
| 650 |
|
0 |
|a Cyberspace --
|x Social aspects
|
| 650 |
|
0 |
|a Computer security
|
| 650 |
|
0 |
|a Artificial intelligence
|
| 655 |
|
0 |
|a Electronic books
|
| 700 |
1 |
|
|a Feldner, Denise
|
| 856 |
4 |
2 |
|u http://library.unisel.edu.my/web/guest/mylibrary
|
| 997 |
|
|
|a Business & Accountancy, Faculty
|
| 998 |
|
|
|a Business Management, Degree
|
| 999 |
|
|
|a EBO0010084
|b EBOOK
|c EBOOK
|e Electronic resources
|